000 00616nam a2200253Ia 4500
001 18236
003 GE_BSU
008 181216s||||||||xx |||||||||||||| ||und||
020 _a9781780984452
040 _cGE_BSU
080 _a811.111(075.8)
100 _aEvans, Virginia. Dooley,Jenny
245 _aPrime Time 2. Student's Book
260 _aNewbury
260 _bExpress Publishing
260 _c2012
300 _a135p;ill,col,30cm.
300 _b+1CD-Rom
541 _h42gel.
653 _aPrime Time 2
653 _aStudent's Book
653 _aინგლისური ენა
942 _cBK
999 _c51274
_d51274